Les citations de droit romain dans l'œuvre de saint Thomas, [3]
| Main Author: | |
|---|---|
| Format: | Print Article |
| Language: | French |
| Check availability: | HBZ Gateway |
| Interlibrary Loan: | Interlibrary Loan for the Fachinformationsdienste (Specialized Information Services in Germany) |
| Published: |
1954
|
| In: |
Revue de droit canonique
Year: 1954, Volume: 4, Pages: 252 - 271 |
| Standardized Subjects / Keyword chains: | B
Roman law
/ Botticelli, Sandro 1445-1510, Thomas von Aquin
|
| IxTheo Classification: | XA Law |
| Further subjects: | B
Law
B Rome B Vatican Palace B Classical antiquity B Antiquity B Thomas Aquinas B Thomas von Aquin |
MARC
| LEADER | 00000caa a22000002c 4500 | ||
|---|---|---|---|
| 001 | 596364938 | ||
| 003 | DE-627 | ||
| 005 | 20241205174153.0 | ||
| 007 | tu | ||
| 008 | 090404s1954 xx ||||| 00| ||fre c | ||
| 035 | |a (DE-627)596364938 | ||
| 035 | |a (DE-576)51916024X | ||
| 035 | |a (DE-599)GBV596364938 | ||
| 040 | |a DE-627 |b ger |c DE-627 |e rakwb | ||
| 041 | |a fre | ||
| 084 | |a 1 |2 ssgn | ||
| 100 | 1 | |0 (DE-588)12278460X |0 (DE-627)082153884 |0 (DE-576)160120616 |4 aut |a Aubert, Jean Marie |d 1916-1994 | |
| 109 | |a Aubert, Jean Marie 1916-1994 |a Aubert, Jean-Marie 1916-1994 |a Aubert, J.-M. 1916-1994 | ||
| 245 | 1 | 4 | |a Les citations de droit romain dans l'œuvre de saint Thomas, [3] |c Jean-Marie Aubert |
| 264 | 1 | |c 1954 | |
| 336 | |a Text |b txt |2 rdacontent | ||
| 337 | |a ohne Hilfsmittel zu benutzen |b n |2 rdamedia | ||
| 338 | |a Band |b nc |2 rdacarrier | ||
| 650 | 4 | |a Thomas von Aquin | |
| 650 | 4 | |a Recht | |
| 650 | 4 | |a Antike | |
| 650 | 4 | |a Rom | |
| 650 | 4 | |a Thomas Aquinas | |
| 650 | 4 | |a Law | |
| 650 | 4 | |a Antiquity | |
| 650 | 4 | |a Rome | |
| 652 | |a XA | ||
| 689 | 0 | 0 | |d s |0 (DE-588)4050306-9 |0 (DE-627)104529458 |0 (DE-576)209086750 |2 gnd |a Römisches Recht |
| 689 | 0 | 1 | |d u |0 (DE-588)4355733-8 |0 (DE-627)181269457 |0 (DE-576)216951429 |a Botticelli, Sandro |2 gnd |d 1445-1510 |t Thomas von Aquin |
| 689 | 0 | |5 (DE-627) | |
| 773 | 0 | 8 | |i In |t Revue de droit canonique |d Strasbourg : Univ., 1951 |g 4(1954), Seite 252 - 271 |w (DE-627)129502901 |w (DE-600)208666-9 |w (DE-576)014905698 |x 0556-7378 |7 nnas |
| 773 | 1 | 8 | |g volume:4 |g year:1954 |g pages:252 - 271 |
| 889 | |w (DE-627)1650261365 | ||
| 935 | |a KALD | ||
| 935 | |i mdedup | ||
| 951 | |a AR | ||
| CAN | |a 1 | ||
| ELC | |b 1 | ||
| ITA | |a 1 |t 1 | ||
| LOK | |0 000 xxxxxcx a22 zn 4500 | ||
| LOK | |0 001 3336330335 | ||
| LOK | |0 003 DE-627 | ||
| LOK | |0 004 596364938 | ||
| LOK | |0 005 20241205172824 | ||
| LOK | |0 008 190311||||||||||||||||ger||||||| | ||
| LOK | |0 035 |a (DE-Tue135-1)106853 | ||
| LOK | |0 040 |a DE-Tue135-1 |c DE-627 |d DE-Tue135-1 | ||
| LOK | |0 852 |a DE-Tue135-1 | ||
| LOK | |0 852 1 |c FTHKR097833/4/ATJ |m p |9 00 | ||
| LOK | |0 852 2 |b FTH Z5-694 |9 00 | ||
| LOK | |0 935 |a iZSA | ||
| LOK | |0 936ln |0 1442053798 |a XA | ||
| LOK | |0 938 |k p | ||
| LOK | |0 939 |a 11-03-19 |b l01 | ||
| ORI | |a SA-MARC-ixtheoa001.raw | ||
| REL | |a 1 | ||
| STA | 0 | 0 | |a Classical antiquity,Classical antiquity,Antiquity,Civilization, Greco-Roman,Civilization, Classical, in art,Civilization, Greco-Roman, in literature,Civilization, Ancient, in literature,Law,Law,Right,Law,Jurisprudence,Law in literature,Roman law,Vatican Palace,Rome,Rome,Capella Redemptoris Mater |
| STB | 0 | 0 | |a Antiquité,Antiquité,Droit romain,Droit,Droit,Rome |
| STC | 0 | 0 | |a Antigüedad,Antigüedad,Derecho romano,Derecho,Derecho,Roma |
| STD | 0 | 0 | |a Antichità classica,Antichità classica,Diritto romano,Diritto,Diritto,Roma |
| STE | 0 | 0 | |a 古典时代,古典时代,古典时期,古典时期,法律,法律,法制,法制,罗马,罗马法 |
| STF | 0 | 0 | |a 古典時代,古典時代,古典時期,古典時期,法律,法律,法制,法制,羅馬,羅馬法 |
| STG | 0 | 0 | |a Antiguidade,Antiguidade,Direito romano,Direito,Direito,Roma |
| STH | 0 | 0 | |a Античность (мотив),Античность,Право (мотив),Право,Римское право,Ром (мотив) |
| STI | 0 | 0 | |a Αρχαιότητα (μοτίβο),Αρχαιότητα,Δίκαιο (μοτίβο),Δίκαιο,Ρωμαϊκό Δίκαιο,Ρώμη (μοτίβο) |
| SUB | |a CAN |a REL | ||
| SYE | 0 | 0 | |a Klassisches Altertum , Roma,Città di Roma,Comune di Roma,Rim,Rym,Luoma,Senatus Populusque Romanus,SPQR,Roma Capitale,Rzym,Rome,Roma,Řím,Città di Roma,Comune di Roma |
| SYG | 0 | 0 | |a Romanistik |